Economic and political impediments to Middle East peace : (Record no. 770)

MARC details
000 -LEADER
fixed length control field 01616cam a22003734a 4500
001 - CONTROL NUMBER
control field 2157541
003 - CONTROL NUMBER IDENTIFIER
control field OSt
005 - DATE AND TIME OF LATEST TRANSACTION
control field 20141119140922.0
008 - FIXED-LENGTH DATA ELEMENTS--GENERAL INFORMATION
fixed length control field 990326s2000 nyua b 001 0 eng
010 ## - LIBRARY OF CONGRESS CONTROL NUMBER
LC control number 99026119
020 ## - INTERNATIONAL STANDARD BOOK NUMBER
International Standard Book Number 0312225776 (cloth)
020 ## - INTERNATIONAL STANDARD BOOK NUMBER
International Standard Book Number 0333678990 (Macmillan Press)
040 ## - CATALOGING SOURCE
Original cataloging agency DLC
Transcribing agency DLC
Modifying agency DLC
042 ## - AUTHENTICATION CODE
Authentication code pcc
043 ## - GEOGRAPHIC AREA CODE
Geographic area code aw-----
-- ff-----
050 00 - LIBRARY OF CONGRESS CALL NUMBER
Classification number HC415.15
Item number .E247 2000
082 00 - DEWEY DECIMAL CLASSIFICATION NUMBER
Classification number 337
Edition number 21
Item number ECO 2000
245 00 - TITLE STATEMENT
Title Economic and political impediments to Middle East peace :
Remainder of title critical questions and alternative scenarios /
Statement of responsibility, etc. edited by J.W. Wright, Jr. and Laura Drake ; foreword by Queen Noor of Jordan.
260 ## - PUBLICATION, DISTRIBUTION, ETC. (IMPRINT)
Place of publication, distribution, etc. New York :
Name of publisher, distributor, etc. St. Martin's Press,
Date of publication, distribution, etc. 2000.
300 ## - PHYSICAL DESCRIPTION
Extent xxiv, 253 p. :
Other physical details ill. ;
Dimensions 23 cm.
440 #0 - SERIES STATEMENT/ADDED ENTRY--TITLE
Title International political economy series
9 (RLIN) 970
504 ## - BIBLIOGRAPHY, ETC. NOTE
Bibliography, etc Includes bibliographical references and index.
650 #0 - SUBJECT ADDED ENTRY--TOPICAL TERM
Topical term or geographic name as entry element Arab-Israeli conflict
Chronological subdivision 1993-
General subdivision Peace.
9 (RLIN) 995
651 #0 - SUBJECT ADDED ENTRY--GEOGRAPHIC NAME
Geographic name Middle East
General subdivision Economic conditions
Chronological subdivision 1979-
9 (RLIN) 996
651 #0 - SUBJECT ADDED ENTRY--GEOGRAPHIC NAME
Geographic name Africa, North
General subdivision Economic conditions.
9 (RLIN) 997
700 1# - ADDED ENTRY--PERSONAL NAME
Personal name Wright, J. W.
Fuller form of name (Jerry W.)
9 (RLIN) 998
700 1# - ADDED ENTRY--PERSONAL NAME
Personal name Drake, Laura.
9 (RLIN) 999
856 42 - ELECTRONIC LOCATION AND ACCESS
Materials specified Contributor biographical information
Uniform Resource Identifier http://www.loc.gov/catdir/bios/hol057/99026119.html
856 42 - ELECTRONIC LOCATION AND ACCESS
Materials specified Publisher description
Uniform Resource Identifier http://www.loc.gov/catdir/description/hol056/99026119.html
856 41 - ELECTRONIC LOCATION AND ACCESS
Materials specified Table of contents
Uniform Resource Identifier http://www.loc.gov/catdir/toc/hol053/99026119.html
906 ## - LOCAL DATA ELEMENT F, LDF (RLIN)
a 7
b cbc
c orignew
d 1
e ocip
f 19
g y-gencatlg
942 ## - ADDED ENTRY ELEMENTS (KOHA)
Source of classification or shelving scheme Dewey Decimal Classification
Koha item type Short Loan
Holdings
Withdrawn status Lost status Source of classification or shelving scheme Damaged status Not for loan Home library Current library Date acquired Inventory number Total Checkouts Full call number Barcode Date last seen Price effective from Koha item type
    Dewey Decimal Classification     MUST Main Library MUST Main Library 19/11/2014 2003/18939   337 ECO 2000 2014-3389 19/11/2014 19/11/2014 Short Loan